Detalles MARC
| 000 -ENCABEZADO |
| Número de control [NR] |
02424nam a2200289Ia 4500 |
| 005 - FECHA Y HORA DE LA ÚLTIMA TRANSACCIÓN |
| control field |
20170719143921.0 |
| 008 - DE LONGITUD FIJA DE DATOS DE ELEMENTOS - INFORMACIÓN GENERAL |
| Elementos de longitud fija [NR] |
130821s1918 xxu fr 1 spa d |
| 040 ## - FUENTE DE CATALOGACION [NR] |
| Agencia de catalogación original [NR] |
Co-BoUCM |
| Idioma de catalogación [NR] |
spa |
| Quien Cataloga |
Sandra Yazo |
| Quien Clasifica |
Sandra Yazo |
| 041 0# - CODIGO DE IDIOMA [R] |
| Código de idioma para texto/pista de sonido o título separado [R] |
Español |
| 082 04 - NUMERO DE CLASIFICACION DECIMAL DEWEY [R] |
| Número de clasificación [R] |
336.86 |
| Número de la edición [NR] |
20 |
| 092 ## - SIGNATURA TOPOGRAFICA LOCAL |
| Número de clasificación local |
E07N024 |
| 100 1# - ASIENTO PRINCIPAL--NOMBRE PERSONAL [NR] |
| Nombre personal [NR] |
Jaramillo, Esteban |
| Fechas asociadas con el nombre [NR] |
1874-1947 |
| ID Autoridad |
61107 |
| 245 13 - MENCION DE TITULO [NR] |
| Título [NR] |
La reforma tributaria en Colombia. |
| Parte restante del título [NR] |
Un problema fiscal y social |
| Mención de responsabilidad, etc. [NR] |
por Esteban Jaramillo |
| 260 ## - PUBLICACION, DISTRIBUCION, ETC. (PIE DE IMPRENTA) [R] |
| Lugar de publicación, distribución, etc. [R] |
Nueva York (Estados Unidos) |
| Nombre del editor, distribuidor, etc. [R] |
Lisiegri Press |
| Fecha de publicación, distribución, etc. [R] |
1918 |
| 300 ## - DESCRIPCION FISICA [R] |
| Extensión [R] |
284, [3] páginas |
| Dimensiones [R] |
21 x 14 cm. |
| 500 ## - NOTA GENERAL [R] |
| Nota general [NR] |
Detalles físicos: Encuadernación flexible en cartulina, lomo en tela, notoria suciedad, residuos de cinta pegante. Tapa delantera con datos de publicación impresos y enmarcados en un doble recuadro. Guardas, la delantera con una dedicatoria manuscrita. Portada impresa en una sola tinta. Erratas, en papel que difiere en color y tamaño. Texto impreso en una sola columna, varios tipos y tamaños de letra. Papel con notoria mancha de humedad en el corte inferior. Ej. 2 Encuadernación rígida en cartón forrado en tela, tapa delantera con datos de publicación impresa en dorado. Notoria mancha en tapas. Guarda delantera con una dedicatoria manuscrita |
| 504 ## - NOTA DE BIBLIOGRAFIA, ETC. [R] |
| Nota de bibliografía, etc. [NR] |
Incluye referencias bibliográficas |
| 505 0# - NOTA DE CONTENIDO CON FORMATO PREESTABLECIDO [R] |
| Nota de contenido con formato preestablecido [NR] |
Introducción ; La misión fiscal del Estado y el aumento de los gastos públicos ; Reseña histórico-crítica de los sistemas tributarios ; Concepto del impuesto y principios fiscales y económicos aplicables a él ; El sistema rentístico de Colombia ; Historia de los impuestos sobre la renta ; La renta gravable y la tasación del impuesto ; Conclusiones prácticas ; Proyecto de ley para la creación del impuesto sobre la renta -- Proyecto de ley por la cual se establece como recurso fiscal nacional el impuesto sobre la renta: Creación del impuesto ; Clasificación y definición de la renta ; Deducciones de la renta ; Ratas del impuesto ; Tasación y recaudo del impuesto ; Disposiciones varias |
| 506 ## - NOTA DE RESTRICCIONES DE ACCESO [R] |
| Condiciones de acceso [NR] |
Consulta en sala |
| 650 #7 - ASIENTO SECUNDARIO DE MATERIA - TERMINO TEMATICO [R] |
| Término temático o nombre geográfico como elemento de entrada [NR] |
Derecho tributario |
| Subdivisión geográfica [R] |
Colombia |
| 9 (RLIN) |
38466 |
| 650 #7 - ASIENTO SECUNDARIO DE MATERIA - TERMINO TEMATICO [R] |
| Término temático o nombre geográfico como elemento de entrada [NR] |
Impuestos |
| Subdivisión geográfica [R] |
Colombia |
| 9 (RLIN) |
17253 |
| 650 #7 - ASIENTO SECUNDARIO DE MATERIA - TERMINO TEMATICO [R] |
| Término temático o nombre geográfico como elemento de entrada [NR] |
Reforma tributaria |
| Subdivisión geográfica [R] |
Colombia |
| 9 (RLIN) |
27720 |
| 651 04 - ASIENTO SECUNDARIO DE MATERIA - NOMBRE GEOGRAFICO [R] |
| Nombre geográfico [NR] |
Colombia |
| Subdivisión general [R] |
Política fiscal |
| 9 (RLIN) |
33604 |
| 690 ## - ASUNTO AGREGADO LOCAL DE ENTRADA - TÉRMINO TEMÁTICO (OCLC, RLIN) |
| Acceso temático local |
Derecho tributario |
| 9 (RLIN) |
12836 |
| 856 4# - LOCALIZACION Y ACCESO ELECTRONICOS [R] |
| Identificador Uniforme del Recurso (“URI”) [R] |
<a href="https://babel.hathitrust.org/cgi/pt?id=njp.32101046045181;view=1up;seq=288">https://babel.hathitrust.org/cgi/pt?id=njp.32101046045181;view=1up;seq=288</a> |
| Nota dirigida al público [R] |
Disponible en línea |
| 942 ## - ELEMENTOS DE ENTRADA AGREGADOS (KOHA) |
| Tipo de ítem principal el descrito en 300a |
Libro |
| Tema principal |
7 |
| Edición |
1 |
| Sistema de clasificación |
LOCAL |
| Clasificación |
E07N024 |